00375nam a2200157Ia 4500008004100000020001500041082001300056100001500069245002600084250000800110260002800118300001400146500002400160650001600184700001700200230524s9999 xx 000 0 und d a8173195161 a512bLUT aI.S.Luthar 0aAlgebra Vol-I : Group a1ST aNEW DELHIbNarosac1999 aXXXVI;242 aQuantity Number: 2 aMathematics a I.B.S.Passi